| 000 | 00626cam a2200193 4500 | ||
|---|---|---|---|
| 001 | WB3616-38 | ||
| 008 | 000000n2000 000 0 eng u | ||
| 035 | _a(Sirsi) u105563 | ||
| 245 | _aVirtual reality flats | ||
| 260 | _c2000 | ||
| 490 |
_aTimes _vWeekend 22 April 2000, 14(2) |
||
| 520 | _aDiscusses the trend for buying unbuilt property which saw 77% of the 6,000 homes put on the market while under construction sold before they were built. | ||
| 590 | _aWB | ||
| 650 | 0 | _aOFF-PLAN | |
| 650 | _aNEW HOMES | ||
| 650 | _aFLATS | ||
| 690 | _aPROPERTY-RESIDENTIAL PROPERTY-RESIDENTIAL PROPERTY MARKET | ||
| 942 | _n0 | ||
| 999 |
_c63250 _d63250 |
||